|
|
|
|
| LEADER |
00563 a2200133 4500 |
| 020 |
|
|
|a 048643219X(pbk.)
|
| 082 |
0 |
0 |
|a 398.232
|
| 100 |
1 |
|
|a Mortensen, Karl,
|
| 245 |
1 |
2 |
|a A handbook of Norse mythology /
|c Karl Mortensen; translated from the Danish by A. Clinton Crowell.
|
| 260 |
|
|
|a Mineola, N.Y. :
|b Dover Publications,
|c 2003.
|
| 650 |
|
0 |
|a Mythology, Norse.
|
| 700 |
1 |
|
|a Crowell, A. Clinton
|
| 999 |
|
|
|c 284061
|d 284061
|
| 952 |
|
|
|0 0
|1 0
|2 ddc
|4 0
|6 398_232000000000000_MOR_H
|7 0
|8 NFIC
|9 322222
|a FLK
|b FLK
|c GEN
|d 2016-01-04
|e BK
|g 0.00
|i 2456
|l 0
|o 398.232 MOR/H
|p FLK2456
|r 2016-01-29
|w 2016-01-29
|y BK
|